| 000 | 00401nam a2200133Ia 4500 | ||
|---|---|---|---|
| 001 | 3886 | ||
| 008 | 241024s9999 xx 000 0 und d | ||
| 082 | _aRD/923.97293/I74p | ||
| 100 | _aMinerva Isa | ||
| 245 | 0 | _aEl País que Duarte Soñó. Recopilación de los artículos publicados en las páginas del periódico Hoy | |
| 260 |
_bEditora Hoy _c2013 |
||
| 901 | _a28/1/2015 9:36:40 a.m. | ||
| 999 |
_c7631 _d7631 |
||